Jusqu'où irez vous ? #20 (Culture Générale) - Statistiques

Statistiques générales
  • Ce quiz a été pris 238 fois
  • Le résultat moyen est 8 sur 30
Statistiques - réponses
Hint Réponse % Correct
Quelle proposition n'est pas une consonne ? A / Z B / B C / C D / D E / E F / F G / G E
100%
Quelle proposition n'est pas un pays de l'Union Européenne ? A / Allemagne B / Belgique C / Curaçao D / Danemark E / Estonie F / France G / Grèce C
98%
Quelle proposition n'est pas une couleur ? A / Abricot B / Beige C / Corail D / Druval E / Émeraude F / Fuchsia G / Grenat D
93%
Quelle proposition n'est pas une case d'un échiquier classique ? A / a3 B / b2 C / c9 D / d4 E / e8 F / f7 G / g1 C
86%
Quelle proposition n'est pas un département français qui a accès à la mer ou a une frontière avec un pays étranger ? A / Aude B / Bouches-du-Rhône C / Calvados D / Doubs E / Eure-et-Loir F / Finistère G / Gard E
68%
Quelle proposition n'est pas un légume vert consommé en Europe ou au Moyen-Orient ? A / Asperge B / Brocoli C / Courgette D / Delfineau E / Epinard F / Fenouil G / Gundelia D
62%
Quelle proposition n'est pas un élément chimique ? A / Aluminium B / Bore C / Calcium D / Drakthium E / Étain F / Fer G / Gallium D
57%
Quelle proposition n'est pas une capitale d'Afrique ? A / Asmara B / Brazzaville C / Conakry D / Dakar E / Erevan F / Freetown G / Gaborone E
46%
Quelle proposition n'est pas un synonyme de “bon” ? A / Aimable B / Bienveillant C / Charitable D / Délicieux E / Exquis F / Furibond G / Généreux F
34%
Quelle proposition n'est pas un nombre premier ? A / 59 B / 61 C / 67 D / 71 E / 73 F / 79 G / 81 G
34%
Quelle proposition n'est pas une case du Monopoly classique français ? A / Avenue Mozart B / Boulevard Saint-Michel C / Compagnie de distribution d’électricité D / Départ E / Esplanade des Invalides F / Faubourg Saint-Honoré G / Gare Montparnasse E
29%
Quelle proposition n'est pas le titre d'une chanson ou d'une reprise dans la discographie de Johnny Hallyday ? A / Allumer le feu B / Briser mes chaînes C / Cadillac D / Diego libre dans sa tête E / L’Envie F / Fou d'amour G / Gabrielle B
23%
Quelle proposition n'est pas une Miss France ? A / Alexandra Rosenfeld B / Bénédicte Delmas C / Cindy Fabre D / Delphine Wespiser E / Ève Gilles F / Flora Coquerel G / Gaëlle Voiry B
16%
Quelle proposition n'est pas un mollusque ? A / Amande de mer B / Bigorneau C / Coque blanche D / Datte de mer E / Églantine F / Fissurelle G / Gofiche E
12%
Quelle proposition n'est pas un personnage d'un album d'Astérix ? A / Abraracourcix B / Boursouflix C / Cétautomatix D / Diagnostix E / Ecotax F / Falbala G / Goudurix B
9%
Quelle proposition n'est pas une franchise de NFL (Football Américain) ?
A / Admirals de Milwaukee B / Bears de Chicago C / Cowboys de Dallas D / Dolphins de Miami E / Eagles de Philadelphie F / Falcons d'Atlanta G / Giants de New York
A
8%
Quelle proposition n'est pas une langue parlée dans le Monde ? A / arabe B / birman C / cantonais D / djiboutais E / estonien F / féroïen G /groenlandais D
7%
Quelle proposition n'est pas un joueur qui a joué la finale de la coupe du monde de Football le 12 Juillet 1998 ? A / Aldair B / Barthez C / Cafu D / Deschamps E / Edmundo F / Flávio Conceição G / Guivarc'h F
5%
Quelle proposition n'est pas une partie que l'on peut distinguer dans la découpe du poulet ? A / ailes B / bréchet C / croupion D / demi-longe E / épine dorsale F / foie G / gésier D
3%
Quelle proposition n'est pas un évènement de l'année 2000 ? A / Alonso devient champion du monde de F1 avec Renault devant Räikkönen B / Bayern de Munich est champion d'Allemagne de Football Masculin C / Corée du Nord et Corée du Sud défilent ensemble lors de la cérémonie des Jeux olympiques d'été à Sydney D / Deportivo La Corogne est champion d'Espagne de Football Masculin E / l'Espagne l'emporte par 3-1 sur l'Australie en Coupe Davis F / Francis Joyon gagne la Transat anglaise à bord d'Eure et Loir en 9 jours 23 h 21 min G / Galatasaray SK remporte la Coupe UEFA face à Arsenal (Football Masculin) A
1%
Quelle proposition n'a pas été un membre du programme TV de la Star Academy en France (aussi bien directeur, professeur que répétiteur) ?
A / Alexia Laroche-Joubert B / Bruno Pelletier C / Christophe Pinna D / Dominique Martinelli E / Edu del Prado F / Fanny Delaigue G / Gérard Louvin
B
1%
Quelle proposition n'est pas un des 69 démons de la nomenclature de la hiérarchie des démons infernaux (Pseudomonarchia daemonum) ? A / Astaroth B / Bélial C / Cassiel D / Decarabia E / Eligos F / Focalor G / Gremory C
1%
Quelle proposition n'est pas encore un nom de Pape de l'Église catholique? A / Adrien B / Benoît C / Clément D / Damien E / Eugène F / Fabien G / Grégoire D
1%
Quelle proposition n'a pas été l'éditeur d'un lauréat du Prix Goncourt ? A / Albin Michel B / Balland C / Calmann-Lévy D / Denoël E / Eyrolles F / Flammarion G / Gallimard E
1%
Quelle proposition n'est pas un acteur ayant remporté l'Oscar du meilleur acteur ? A / Al Pacino B / Brendan Fraser C / Cillian Murphy D / Daniel Day-Lewis E / Ed Harris F / Forest Whitaker G / Gary Oldman E
1%
Quelle proposition n'est pas dans un dictionnaire (en tout cas pas en nom commun) ? A / aune B / bôme C / corb D / deug E / embu F / fikz G / guib F
1%
Quelle proposition n'est pas une marque de bières (commercialisée dans le monde) ? A / Amstel B / Budweiser C / Corona D / Desperados E / Erdinger F / Fosters G / Glyndor G
1%
Quelle proposition n'est pas un(e) gagnant(e) du concours de l'Eurovision ? A / ABBA B / Brotherhood of Man C / Céline Dion D / Duncan Laurence E / Emmelie de Forest F / France Gall G / Gloria Gaynor G
1%
Quelle proposition n'est pas un(e) ancien(ne) ministre français de l'Économie et des Finances ? A / Arnaud Montebourg B / Bruno Le Maire C / Christine Lagarde D / Dominique Strauss-Kahn E / Emmanuel Macron F / Francis Mer G / Gaston Defferre G
1%
Quelle proposition n'est pas un homme qui est descendu sous les 10 secondes sur 100m ? A / Ato Boldon B / Ben Youssef Meïté C / Christophe Lemaitre D / Darvis Patton E / Elijah Hall F / Fred Kerley G / Grant Fisher G
1%
Aucun quiz correspondant
Distribution des résultats
% des personnes avec chaque résultat
Percentile par nombre de réponses
Votre historique - résultats
Vous n’avez pas pris ce quiz